[Event "Mittelfranken-chT 0405"]
[Site "Germany"]
[Date "2005.04.17"]
[Round "9.5"]
[White "Gillitzer, Gerhard"]
[Black "Truempelmann, Jochen"]
[Result "0-1"]
[WhiteElo "1528"]
[BlackElo "1965"]
[PlyCount "98"]
[EventDate "2004.10.17"]
[EventType "team-tourn"]
[EventRounds "9"]
[EventCountry "GER"]
[SourceTitle "EXT 2007"]
[Source "ChessBase"]
[SourceDate "2006.11.23"]
[SourceVersion "1"]
[SourceVersionDate "2006.11.23"]
[SourceQuality "1"]

1. d4 d5 2. Nf3 Nf6 3. e3 Bf5 4. c4 e6 5. Qb3 Qc8 6. Nc3 c6 7. Be2 h6 8. cxd5 exd5 9. Bd2 Bd6 10. Rc1 Qd7 11. Na4 Ne4 12. Bb4 Qe7 13. Bxd6 Nxd6 14. Nc5 0-0 15. 0-0 Nd7 16. Nxd7 Qxd7 17. Bd3 Bxd3 18. Qxd3 f5 19. Ne5 Qe6 20. Rfe1 Rf6 21. Qd1 Nf7 22. Nd3 Qe7 23. Rc2 Re8 24. Rce2 Kh7 25. Qc2 g6 26. a3 Qf8 27. Nc5 Re7 28. f3 Nd6 29. b3 Qe8 30. e4 fxe4 31. fxe4 Nxe4 32. Nxe4 dxe4 33. Rxe4 Rfe6 34. Rxe6 Rxe6 35. Rxe6 Qxe6 36. Qd1 Qe3+ 37. Kf1 Qf4+ 38. Kg1 Qe4 39. Kf1 Kg7 40. Kg1 Kf6 41. Qf3+ Qxf3 42. gxf3 Kf5 43. Kf2 Kf4 44. Ke2 g5 45. Kf2 h5 46. h3 h4 47. Ke2 Kg3 48. Ke3 Kxh3 49. Kf2 Kh2 0-1

[Event "Mittelfranken-chT 0405"]
[Site "Germany"]
[Date "2005.04.03"]
[Round "8.5"]
[White "Schanz, Karlheinz"]
[Black "Gillitzer, Gerhard"]
[Result "1-0"]
[WhiteElo "1816"]
[BlackElo "1536"]
[PlyCount "45"]
[EventDate "2004.10.17"]
[EventType "team-tourn"]
[EventRounds "9"]
[EventCountry "GER"]
[SourceTitle "EXT 2007"]
[Source "ChessBase"]
[SourceDate "2006.11.23"]
[SourceVersion "1"]
[SourceVersionDate "2006.11.23"]
[SourceQuality "1"]

1. d4 Nf6 2. c4 e5 3. dxe5 Ne4 4. Nf3 Bb4+ 5. Nbd2 Nc6 6. a3 Bxd2+ 7. Bxd2 Nxd2 8. Qxd2 Qe7 9. Qc3 0-0 10. Rd1 Re8 11. Rd5 b6 12. e3 Bb7 13. Be2 Rad8 14. 0-0 Nb8 15. Rd2 Bxf3 16. Bxf3 Qxe5 17. Qc2 d6 18. Rd5 Qe7 19. Rh5 g6 20. Rd5 a5 21. Rd4 Nd7 22. Bc6 Qe5 23. Re4 1-0

[Event "Nuremberg-ch op 03rd"]
[Site "Nuremberg"]
[Date "2003.05.31"]
[Round "3"]
[White "Gillitzer, Gerhard"]
[Black "Dawidczyk, Alina"]
[Result "0-1"]
[WhiteElo "1523"]
[BlackElo "1654"]
[PlyCount "72"]
[EventDate "2003.05.30"]
[EventType "swiss"]
[EventRounds "5"]
[EventCountry "GER"]
[SourceTitle "EXT 2006"]
[Source "ChessBase"]
[SourceDate "2005.11.24"]
[SourceVersion "1"]
[SourceVersionDate "2005.11.24"]
[SourceQuality "1"]

1. d4 e6 2. Nf3 d5 3. e3 c5 4. b3 Nc6 5. Bb2 Nf6 6. Nbd2 Qb6 7. c4 cxd4 8. exd4 Bb4 9. a3 Bxd2+ 10. Nxd2 Nxd4 11. b4 e5 12. cxd5 Nxd5 13. Bc4 Be6 14. 0-0 0-0 15. Re1 f6 16. Ne4 Nf4 17. Bxe6+ Nfxe6 18. Bxd4 Nxd4 19. Nc5 Rfd8 20. Qa4 a5 21. Rab1 axb4 22. Qxb4 Qxb4 23. axb4 b5 24. Kf1 Ra2 25. Red1 Rda8 26. Ne4 Rc2 27. Rd2 Rxd2 28. Nxd2 Ra2 29. Ne4 Kf7 30. f3 f5 31. Nf2 Ke6 32. Nd3 Kd5 33. Re1 Nc6 34. Rd1 Kc4 35. Nc1 Ra1 36. Ke1 Nd4 0-1

[Event "Mittelfranken-ch QT 52nd"]
[Site "Uttenreuth"]
[Date "2003.04.17"]
[Round "4"]
[White "Gillitzer, Gerhard"]
[Black "Werner, Thomas1"]
[Result "0-1"]
[WhiteElo "1558"]
[BlackElo "1965"]
[PlyCount "156"]
[EventDate "2003.04.16"]
[EventType "swiss"]
[EventRounds "7"]
[EventCountry "GER"]
[SourceTitle "EXT 2015"]
[Source "ChessBase"]
[SourceDate "2014.11.20"]
[SourceVersion "1"]
[SourceVersionDate "2014.11.20"]
[SourceQuality "1"]

1. d4 d5 2. Nf3 Nf6 3. e3 e6 4. Bd3 Be7 5. Nbd2 Nbd7 6. 0-0 0-0 7. c3 b6 8. e4 dxe4 9. Nxe4 Bb7 10. Re1 c5 11. Bg5 Nxe4 12. Bxe7 Qxe7 13. Bxe4 Bxe4 14. Rxe4 Nf6 15. Rh4 Rfd8 16. Qc2 Rac8 17. Rd1 h6 18. dxc5 Rxc5 19. Rxd8+ Qxd8 20. Rd4 Rd5 21. Qd3 Kf8 22. Kf1 Qd6 23. c4 Rxd4 24. Qxd4 Ke7 25. Ke2 Qxd4 26. Nxd4 a6 27. f3 Kd6 28. b4 Nd7 29. Kd3 g6 30. Nb3 e5 31. a4 f5 32. a5 bxa5 33. Nxa5 g5 34. g4 e4+ 35. fxe4 Ne5+ 36. Kd4 Nf3+ 37. Ke3 fxg4 38. c5+ Kc7 39. Nc4 Nxh2 40. Kf2 Nf3 41. e5 Nd4 42. Kg3 h5 43. Nd6 Kc6 44. Ne4 Kd5 45. Nf6+ Kxe5 46. Nxh5 Nc6 47. Kxg4 Nxb4 48. Ng3 Kd5 49. Kxg5 Kxc5 50. Ne4+ Kd4 51. Nd2 Kc3 52. Ne4+ Kd4 53. Nd2 Nc6 54. Kf4 Kd3 55. Nb3 Kc3 56. Nc5 a5 57. Ke4 Kc4 58. Na4 Nb8 59. Nb6+ Kb5 60. Nd5 Kc4 61. Nb6+ Kb5 62. Nd5 Kc5 63. Nc3 Kc4 64. Na4 Nd7 65. Nb2+ Kc3 66. Nd1+ Kd2 67. Nb2 Kc3 68. Nd1+ Kc4 69. Nb2+ Kb3 70. Nd1 a4 71. Kd4 a3 72. Nc3 Nc5 73. Ne2 Kb2 74. Nc3 Ne6+ 75. Kc4 Nf4 76. Na4+ Kc2 77. Nc3 Nd3 78. Nd1 Nb2+ 0-1

[Event "Mittelfranken-ch QT 52nd"]
[Site "Uttenreuth"]
[Date "2003.04.16"]
[Round "2"]
[White "Gillitzer, Gerhard"]
[Black "Goetz, Dieter"]
[Result "1/2-1/2"]
[WhiteElo "1558"]
[BlackElo "1944"]
[PlyCount "59"]
[EventDate "2003.04.16"]
[EventType "swiss"]
[EventRounds "7"]
[EventCountry "GER"]
[SourceTitle "EXT 2015"]
[Source "ChessBase"]
[SourceDate "2014.11.20"]
[SourceVersion "1"]
[SourceVersionDate "2014.11.20"]
[SourceQuality "1"]

1. d4 Nf6 2. Nf3 d6 3. e3 c6 4. Bd3 Nbd7 5. c4 e5 6. Qc2 g6 7. 0-0 Bg7 8. b3 0-0 9. Bb2 Re8 10. Nbd2 Nh5 11. Rfe1 f5 12. dxe5 Nxe5 13. Nxe5 dxe5 14. Be2 Nf6 15. Rad1 Qc7 16. Nf1 Be6 17. Rd3 f4 18. Qc1 Bf5 19. Rdd1 g5 20. exf4 gxf4 21. f3 Qf7 22. Bd3 Nh5 23. Bxf5 Qxf5 24. Nd2 Nf6 25. Ne4 Nxe4 26. Rxe4 Rad8 27. Rde1 Re6 28. Bc3 Qg5 29. Qb2 Rde8 30. Rd1 1/2-1/2

[Event "Mittelfranken-ch QT 49th"]
[Site "Ansbach"]
[Date "2000.??.??"]
[Round "5"]
[White "Gillitzer, Gerhard"]
[Black "Doering, Sandra"]
[Result "0-1"]
[WhiteElo "1581"]
[BlackElo "1581"]
[PlyCount "48"]
[EventDate "2000.04.19"]
[EventType "swiss"]
[EventRounds "7"]
[EventCountry "GER"]
[SourceTitle "EXT 2015"]
[Source "ChessBase"]
[SourceDate "2014.11.20"]
[SourceVersion "1"]
[SourceVersionDate "2014.11.20"]
[SourceQuality "1"]

1. d4 d5 2. Nf3 Nf6 3. e3 e6 4. Bd3 Nbd7 5. Nbd2 b6 6. 0-0 Bb7 7. Qe2 c5 8. c3 Ne4 9. Rd1 Bd6 10. Nf1 0-0 11. N3d2 Qc7 12. f3 Nxd2 13. Bxd2 f5 14. Rac1 Rae8 15. Be1 c4 16. Bc2 e5 17. Qf2 e4 18. f4 Nf6 19. h3 Kh8 20. Ng3 Bc8 21. b3 Rg8 22. Bd2 g5 23. Kf1 gxf4 24. exf4 Rg6 0-1

[Event "Mittelfranken-ch Nord"]
[Site "Roethenbach"]
[Date "1996.??.??"]
[Round "7"]
[White "Gawlas, Gunder"]
[Black "Gillitzer, Gerhard"]
[Result "1/2-1/2"]
[WhiteElo "1605"]
[BlackElo "1620"]
[PlyCount "39"]
[EventDate "1996.??.??"]
[EventType "swiss"]
[EventRounds "7"]
[EventCountry "GER"]
[SourceTitle "EXT 2004"]
[Source "ChessBase"]
[SourceDate "2003.11.25"]
[SourceVersion "1"]
[SourceVersionDate "2003.11.25"]
[SourceQuality "1"]

1. e4 e5 2. Nf3 Nf6 3. Nc3 d6 4. Be2 Be7 5. d3 0-0 6. Be3 Nc6 7. 0-0 d5 8. exd5 Nxd5 9. Nxd5 Qxd5 10. Nd2 Be6 11. Bf3 Qd7 12. Ne4 b6 13. Ng3 Rad8 14. Qe2 f5 15. Bd2 Nd4 16. Qd1 Nxf3+ 17. Qxf3 Bf6 18. Bc3 Bd5 19. Qxf5 Qc6 20. Ne4 1/2-1/2

[Event "Mittelfranken-ch Nord"]
[Site "Roethenbach"]
[Date "1996.??.??"]
[Round "4"]
[White "Gillitzer, Gerhard"]
[Black "Schanz, Karlheinz"]
[Result "0-1"]
[WhiteElo "1620"]
[BlackElo "1610"]
[PlyCount "81"]
[EventDate "1996.??.??"]
[EventType "swiss"]
[EventRounds "7"]
[EventCountry "GER"]
[SourceTitle "EXT 2004"]
[Source "ChessBase"]
[SourceDate "2003.11.25"]
[SourceVersion "1"]
[SourceVersionDate "2003.11.25"]
[SourceQuality "1"]

1. d4 d5 2. Nf3 Nf6 3. e3 Bf5 4. Bd3 Bxd3 5. Qxd3 e6 6. Nbd2 c5 7. c3 cxd4 8. exd4 Bd6 9. 0-0 0-0 10. Ne5 Nbd7 11. f4 Rc8 12. Qf3 Nb6 13. Kh1 Rc7 14. g4 Nfd7 15. Qg2 f5 16. g5 Nxe5 17. dxe5 Bc5 18. Rf3 g6 19. Nb3 Be7 20. Be3 Rc8 21. Raf1 a6 22. h4 Nc4 23. Bd4 a5 24. Rh3 a4 25. Nc1 Bc5 26. Ne2 Kf7 27. Bxc5 Rxc5 28. Nd4 Rg8 29. Qe2 Qd7 30. h5 Rcc8 31. Rf2 Kg7 32. Rfh2 Rh8 33. Rh4 Na5 34. R2h3 Nc6 35. Qb5 Ra8 36. Nxc6 bxc6 37. Qc5 Rae8 38. h6+ Kf7 39. Rd3 Qb7 40. Rh2 Qb5 41. Qf2 0-1